000 00525nam a2200217Ia 4500
008 101110s9999 xx 000 0 und d
041 _aENGLISH
082 _bSR28945
100 _aMannur H.G.
245 _aInternational economics
260 _c2006
_bVikas Publishing House, New Delhi
300 _a461
365 _b250
520 _aEconomics
546 _aENGLISH
630 _aInternational economics
650 _aEconomics
655 _aEconomics
730 _aInternational economics
942 _cBOOK
999 _c821462
_d821459